LEADER 01499nam 2200385 450 001 000006482 005 20070503173100.0 100 $a20001211d1970----km-y0itay0103----ba 101 0 $ager 102 $aNL 200 1 $aTempel der agyptischen gotter in griechenland und an der westkuste kleinasiens$fRegina Salditt-Trappmann 200 1 $a1 $n0001389 210 $aLeiden$cBrill$d1970 215 $aXIV, 68 p., 28 p. di tav., [5] c. di tav. di cui 2 ripieg.$cill.$d25 cm. 225 1 $aÉtudes préliminaires aux religions orientales dans l'empire romain$v15 606 $aTempli Egizi$yGrecia antica 606 $aTempli Egizi$yAsia minore 676 $a291.35$v(20. ed.)$9Religioni non cristiane. Luoghi sacri 700 1$aSalditt-Trappmann,$bRegina$0439804 801 0$aIT$bUniversità della Basilicata - B.I.A.$gRICA$2unimarc 912 $a000006482 996 $aTempel der agyptischen gotter in griechenland und an der westkuste kleinasiens$975870 997 $aUNIBAS BAS $aMONLET BAS $aMONOGR BAS $aLETTERE CAT $aLOTITO$b01$c20001211$lBAS01$h1730 CAT $c20050601$lBAS01$h1753 CAT $abatch$b01$c20050718$lBAS01$h1049 CAT $c20050718$lBAS01$h1108 CAT $c20050718$lBAS01$h1138 CAT $c20050718$lBAS01$h1152 CAT $aBATCH$b00$c20070503$lBAS01$h1731 FMT Z30 -1$lBAS01$LBAS01$mBOOK$1BASA4$APolo di Matera$2GEN$BCollezione generale$3MSR-O1 V-100$691905$5L91905$820001211$f02$FPrestabile Generale LEADER 01565nam 2200385Ka 450 001 9910695913903321 005 20070820160958.0 035 $a(CKB)5470000002374666 035 $a(OCoLC)166146975 035 $a(EXLCZ)995470000002374666 100 $a20070820d2007 ua 0 101 0 $aeng 181 $ctxt$2rdacontent 182 $cc$2rdamedia 183 $acr$2rdacarrier 200 00$aPersistence and attainment of 2003-04 beginning postsecondary students$b[electronic resource] $eafter three years : first look /$fLutz Berkner ... [and others] 210 1$aWashington, DC :$cNational Center for Education Statistics, Institute of Education Sciences, U.S. Dept. of Education,$d[2007] 215 $aviii, 59 pages $cdigital, PDF file 300 $aTitle from title screen (viewed on Aug. 20, 2007). 300 $a"August 2007." 517 $aPersistence and attainment of 2003-04 beginning postsecondary students 606 $aCollege attendance$zUnited States$vLongitudinal studies 606 $aEducational attainment$zUnited States$vLongitudinal studies 606 $aPostsecondary education$zUnited States$vLongitudinal studies 615 0$aCollege attendance 615 0$aEducational attainment 615 0$aPostsecondary education 701 $aBerkner$b Lutz K$0174506 712 02$aNational Center for Education Statistics. 801 0$bGPO 801 1$bGPO 906 $aBOOK 912 $a9910695913903321 996 $aPersistence and attainment of 2003-04 beginning postsecondary students$93547153 997 $aUNINA